000 00766pam a2200253 a 4500
001 38341
003 (BD-RjUL)
005 20211209052757.0
008 980330s1999 njua b 001 0 eng
020 _a8178083000
020 _a9788178083001
035 _a(BD-RjUL)
040 _aDLC
_c(BD-RjUL)
_dDLC
082 0 0 _a006.32
_221
_bHAN 2004
100 1 _aHaykin, Simon S.,
_9118498
245 1 0 _aNeural networks :
_ba comprehensive foundation /
_cSimon Haykin.
250 _a2nd ed.
260 _aIndia :
_bPearson Education,
_cc1999 [reprint 2004].
300 _axxi, 842 p. :
_bill. ;
_c25 cm.
504 _aIncludes bibliographical references and index.
650 0 _aNeural networks (Computer science)
_9118250
942 _2ddc
_cBK
999 _c38341
_d38341